00402naa a2200157 a 450000100080000000500110000800800410001910000220006024500530008226000090013565300120014465300150015665300120017165300100018377300510019310735732010-11-18 2009 bl uuuu u00u1 u #d1 aSIMPL??CIO, A. A. aCaprinos e ovinos de cortebo destaque merecido. c2009 aCaprino aConjuntura aMercado aOvino tO Berro, Uberabagn. 124, p. 32-37, jul. 2009.